| Поле | Инд. | ПП | Название | Значение |
|---|---|---|---|---|
| Тип записи | a | |||
| Библиографический уровень | b | |||
| 001 | Контрольный номер | 0e00682a4e1a4451bbcafc787ea3d856 | ||
| 005 | Дата корректировки | 20210820094946.5 | ||
| 024 | 80 | a | Стандартный номер | DOI: 10.1016/S0375-9474(00)00625-4 |
| 040 | a | Служба первич. каталог. | Web of Science | |
| 041 | 0_ | a | Код языка текста | Английский |
| 084 | a | Индекс другой классификации/Индекс ББК | 22.382 | |
| 097 | a | Костяева О.Г. | ||
| 097 | a | Спаскова Н.О. | ||
| 100 | 1_ | a | Автор | Jones E. F. |
| 100 | 1_ | a | Автор | Gore P. M. |
| 100 | 1_ | a | Автор | Hamilton J. H. |
| 100 | 1_ | a | Автор | Ramayya A. V. |
| 100 | 1_ | q | Полное имя | Оганесян Юрий Цолакович |
| g | Прочие сведения | РИНЦ AuthorID: 21136 (http://elibrary.ru/author_profile.asp?id= 21136); Scopus Author ID: 35401658500 (https://www.scopus.com/authid/detail.uri?authorId=35401658500) | ||
| u | Дополнение | Оганесян Ю. Ц.; Oganessian Yu Ts | ||
| a | Автор | Oganessian Yu. Ts. | ||
| i | 000091251 | |||
| 245 | 10 | a | Заглавие | A new phenomenon: shifted identical yrast bands in neighboring even-even nuclei |
| 550 | a | Прим. об изд. организации | Кафедра ядерной физики; Факультет естественных и инженерных наук | |
| 650 | 04 | a | Основная рубрика | физика; ядерная физика; физика элементарных частиц |
| 773 | 18 | t | Название источника | Nuclear Physics A |
| d | Место и дата издания | 2001 | ||
| b | Сведения об издании | Elsevier Science Publishing Company, Inc. | ||
| m | Специф. данные | входит в ядро РИНЦ | ||
| m | Специф. данные | входит в Scopus | ||
| n | Примечание | https://elibrary.ru/title_about.asp?id=791 | ||
| n | Примечание | https://www.scopus.com/sourceid/29083?origin=recordpage | ||
| c | Нидерланды | |||
| g | Прочая информация | V. 682. - № 1-4. - P. 79 - 87 | ||
| w | Контрольный № источника | 47ef5b6799ea4728bf572a656f7ba7ea | ||
| 856 | 40 | u | URL | https://elibrary.ru/item.asp?id=13381263 |
| u | URL | https://www.scopus.com/record/display.uri?eid=2-s2.0-0035847722&origin=resultslist | ||
| 901 | t | Тип документа | b | |
| 952 | c | Вид литературы | статья в журнале |